| 000 | 00828nam a2200217 a 4500 | ||
|---|---|---|---|
| 001 | BRCA_10 | ||
| 005 | 20190320202836.0 | ||
| 008 | 020628s2002 alua---##b---#000-0#eng-# | ||
| 020 | _a0892800380 | ||
| 050 | 4 |
_aNE654.D9 _b.D97 2002 |
|
| 100 | 1 |
_aDürer, Albrecht _d1471-1528 _948 |
|
| 245 | 1 | 0 |
_aFaith and Humanism _bEngravings and Woodcuts _cby Albrecht Dürer. |
| 260 |
_a[Montgomery, Alabama] _bMontgomery Museum of Fine Arts _c2002 |
||
| 300 |
_a119 p. _bil. _c28 cm. |
||
| 500 | _aCatálogo de la exposición realizada en el Montgomery Museum of Fine Arts, (Montgomery, Alabama), 14 septiembre - 20 octubre, 2002 | ||
| 504 | _aBibliografía: p. 116-117 | ||
| 600 | 1 | 4 |
_aAlberto Durero _d1471-1528 _vExposiciones _949 |
| 653 | 0 | _aAlberto Durero - Grabado Alemán | |
| 710 | 2 |
_aMontgomery Museum of Fine Arts _950 |
|
| 942 |
_2lcc _cB |
||
| 999 |
_c10 _d10 |
||